München-Quiz - Statistiken

Allgemein
  • Dieses Quiz wurde 72 mal gespielt
  • Das Durchschnittsergebnis liegt bei 6 aus 16
Antwortstatistiken
Hint Antwort % Korrekt
In welchem Monat beginnt das Oktoberfest? September
97%
Größter Fluss der durch München fließt. Isar
96%
Nach ihm ist der Münchner Flughafen benannt. Franz Josef Strauß
88%
Jahr in dem der FC Bayern München gegründet wird. 1900
70%
Wann fand der Hitlerputsch statt. 1923
54%
Jahrhundert in dem München zuerst schriftlich Erwähnt wurde. 12. Jahrhundert
51%
Unter seiner Herrschaft wurde die LMU nach München verlegt. König Ludwig I.
42%
Älteste noch bestehende Brauerei. Augustinerbräu
38%
Mitgründer des Blauen Reiters. Franz Marc
30%
Berühmter britischer Sänger der mehrere Jahre in München lebte. Freddy Mercury
20%
Bezirk mit den wenigsten Einwohnern. Altstadt-Lehel
13%
Welcher berühmte General war auch Teil des Putschs. Erich Ludendorff
12%
Mitgründer des Blauen Reiters. Wassily Kandinsky
10%
Größter Bezirk (Fläche). Ramersdorf-Perlach
7%
Älteste Kirche. Peterskirche
6%
Terrororganisation die bei den Olympischen Spielen 1972 ein Attentat verübte.
Schwarzer September
4%
Keine übereinstimmenden Quizze gefunden
Verteilung der Resultate
Anzahl Personen mit jedem Resultat
Perzentil nach korrekt beantworteten Fragen
Ihre Resultats-Entwicklung
Sie haben dieses Quiz noch nicht gespielt